Sport le plus populaire par pays- Océanie - Statistiques

Statistiques générales
  • Ce quiz a été pris 34 fois
  • Le résultat moyen est 3 sur 14
Statistiques - réponses
Hint Réponse % Correct
Nouvelle-Zélande Le rugby
97%
Tonga le rugby
71%
Fidji rugby
71%
Papouasie-Nuvelle-Guinée le rugby
45%
Australie Le surf
26%
Palaos football ou soccer
3%
tuvalu ballon rond
0%
Kiribati haltérophilie
0%
Samoa football ou soccer
0%
Vanuatu football ou soccer
0%
iles marshall football ou soccer
0%
Micronésie (2) haltérophilie et le football australien
0%
Nauru (2) haltérophilie et le football australien
0%
Salomon plongée
0%
Aucun quiz correspondant
Distribution des résultats
% des personnes avec chaque résultat
Percentile par nombre de réponses
Votre historique - résultats
Vous n’avez pas pris ce quiz